000 01395nam a2200325 i 4500
999 _c66530
_d66530
001 768714001
003 CO-MdFUSB
005 20200805160618.0
007 cr aa aaaaa
008 200717t2005 sp ||||| |||| 00| 0 spa d
020 _a 9788478983124
040 _aCO-MdFUSB
_bspa
_cCO-MdFUSB
_dCO-MdFUSBC
_erda
041 _aspa
082 _223
_a230.082
100 _a Villegas López, Sonia
_eautor
245 1 3 _aEl sexo olvidado :
_bintroducción a la teología feminista
_h[electrónico]
_c/ Sonia Villegas López
264 1 _aSevilla :
_bEdiciones Alfar,
_c[2005]
264 4 _c© 2005
300 _a113 páginas
_c;
336 _2rdacontent
_atexto
_btxt
337 _2rdamedia
_ainformático
_bc
338 _2rdacarrier
_aremoto
_bcr
505 _aOrígenes y evolucion. -- Entre La Reforma Y La Revolución: Principales Representantes. -- Prácticas Subversivas: Del Género Y Sus Prototipos. -- Teología Feminista Y Literatura: Hermenéutica Y revisión. -- Conclusiones. ¿Hay Un Futuro Para La Teología Feminista?
506 _aSolicitar clave y usuario para acceder al libro electrónico.
506 _aLibro multiusuario.
650 7 _9681
_aTeología feminista
856 _b805297
_uhttp://search.ebscohost.com/login.aspx?direct=true&scope=site&db=nlebk&db=nlabk&AN=805297
_zAbrir Versión electrónica del libro El sexo olvidado
942 _cBK
945 _aJTF-925